[Event "Rouen op 9th"]
[Site "Rouen"]
[Date "2016.12.20"]
[Round "6"]
[White "Dionisi, Michel"]
[Black "Demol, Sylvain"]
[Result "1-0"]
[WhiteElo "1390"]
[BlackElo "1250"]
[PlyCount "73"]
[EventDate "2016.12.17"]
[EventType "swiss"]
[EventRounds "7"]
[EventCountry "FRA"]
[SourceTitle "CBM 176 Extra"]
[Source "ChessBase"]
[SourceDate "2017.03.02"]
[SourceVersion "1"]
[SourceVersionDate "2017.03.02"]
[SourceQuality "1"]

1. e4 e5 2. Nc3 Nf6 3. f4 Nc6 4. Nf3 exf4 5. d4 d5 6. e5 Ne4 7. Bxf4 Bb4 8. Bd2 Bg4 9. a3 Bxf3 10. Qxf3 Nxd4 11. Qd3 Bc5 12. Nxe4 dxe4 13. Qxe4 Nc6 14. 0-0-0 Qe7 15. Bc3 0-0 16. Bd3 Qg5+ 17. Kb1 Qg6 18. Qd5 Qe6 19. Qxc5 b6 20. Qe3 Kh8 21. Qe4 Qg6 22. Rhf1 Ne7 23. Qxg6 Nxg6 24. Bc4 Rae8 25. Rxf7 h6 26. e6 Kg8 27. Rxc7 Ne7 28. Rdd7 Kh8 29. Rxe7 Rxe7 30. Rxe7 Kg8 31. Rxg7+ Kh8 32. e7 Re8 33. Rf7+ Kg8 34. Rf4+ Kh7 35. Rg4 h5 36. Bd3+ Kh6 37. Bg7# 1-0

[Event "Rouen op 9th"]
[Site "Rouen"]
[Date "2016.12.19"]
[Round "5"]
[White "Ginovart, Camille"]
[Black "Dionisi, Michel"]
[Result "1-0"]
[WhiteElo "1567"]
[BlackElo "1390"]
[PlyCount "97"]
[EventDate "2016.12.17"]
[EventType "swiss"]
[EventRounds "7"]
[EventCountry "FRA"]
[SourceTitle "CBM 176 Extra"]
[Source "ChessBase"]
[SourceDate "2017.03.02"]
[SourceVersion "1"]
[SourceVersionDate "2017.03.02"]
[SourceQuality "1"]

1. d4 d5 2. Nf3 Nf6 3. e3 Bf5 4. c4 c6 5. Be2 Nbd7 6. 0-0 e6 7. a3 Be7 8. b4 0-0 9. Bb2 Ne4 10. Nbd2 Bf6 11. c5 b6 12. Rc1 Rb8 13. Nxe4 Bxe4 14. Qb3 bxc5 15. dxc5 Re8 16. b5 Bxf3 17. Bxf3 Rxb5 18. Bxf6 Qxf6 19. Qa4 Ra8 20. Be2 Rxc5 21. Rxc5 Nxc5 22. Qxc6 Qd8 23. Qxc5 h6 24. Rc1 Qf6 25. h3 Qb2 26. Bd3 g6 27. Qc3 Qxc3 28. Rxc3 Kg7 29. Rc7 a5 30. Rc6 Ra7 31. Ra6 Rxa6 32. Bxa6 Kf6 33. Bd3 e5 34. Kf1 Kg5 35. Ke2 f5 36. Kd2 d4 37. exd4 exd4 38. Bb5 Kf6 39. Kd3 Ke5 40. f4+ Kxf4 41. Kxd4 g5 42. Kc5 Kg3 43. Bc6 h5 44. Kb5 g4 45. hxg4 fxg4 46. Kxa5 h4 47. Kb5 Kf4 48. a4 Ke5 49. a5 1-0